| 000 | 00946cam a22002654a 4500 | ||
|---|---|---|---|
| 001 | 11853550 | ||
| 005 | 20250506115935.0 | ||
| 008 | 991201s2000 enka b 001 0 eng | ||
| 020 | _a0335201350 | ||
| 020 | _a0335201342 (pbk.) | ||
| 050 | 0 | 0 |
_aHD30.42.G7 _bM65 2000 |
| 082 | 0 | 0 |
_a658.4/07124 _221 |
| 100 | 1 |
_aMole, Graham, _d1949- |
|
| 245 | 1 | 0 |
_aManaging management development / _cGraham Mole. |
| 260 |
_aBuckingham ; _aPhiladelphia, PA : _bOpen University Press, _c2000. |
||
| 300 |
_aviii, 167 p. : _bill. ; _c23 cm. |
||
| 440 | 0 | _aManaging work and organizations series | |
| 650 | 0 |
_aExecutives _xTraining of _zGreat Britain. |
|
| 650 | 0 |
_aExecutives _xTraining of _zUnited States. |
|
| 650 | 0 |
_aManagement _xStudy and teaching _zGreat Britain. |
|
| 650 | 0 |
_aManagement _xStudy and teaching _zUnited States. |
|
| 650 | 0 |
_aOrganizational behavior _zGreat Britain. |
|
| 650 | 0 |
_aOrganizational behavior _zUnited States. |
|
| 942 |
_2lcc _cBK _n0 |
||
| 999 |
_c5669 _d5669 |
||